000 00262nam a2200109Ia 4500
008 191206s9999 xx 000 0 und d
020 _a875530761
090 _aRA642.V5
245 0 _aViruses in water
260 _aAmercapublic health association
260 _cc1974
999 _c17255
_d17255